Bankové sektory v prechodnom období porovnania, skúsenosti a výsledky
Transformácia bankového sektora v štyroch krajinách: Slovensko, Poľsko, Bulharsko, Chorvátsko. Bankové systémy v prechodnom období. Zbližovanie sa s právnymi a regulačnými štandardmi EÚ. Vytvorenie infraštruktúry pre operácie finančného sektora.
Saved in:
| Main Author: | |
|---|---|
| Other Authors: | , |
| Format: | Book Chapter |
| Language: | Slovak |
| Subjects: | |
| Tags: |
No Tags, Be the first to tag this record!
|
MARC
| LEADER | 00000naa a2200000 4500 | ||
|---|---|---|---|
| 001 | r044591 | ||
| 005 | 20220729110939.8 | ||
| 041 | 0 | |a slo | |
| 044 | |a SK | ||
| 245 | 1 | 0 | |a Bankové sektory v prechodnom období |b porovnania, skúsenosti a výsledky |c Roberto Nicastro, Alois Steinbichler, Debora Revoltella |
| 520 | |a Transformácia bankového sektora v štyroch krajinách: Slovensko, Poľsko, Bulharsko, Chorvátsko. Bankové systémy v prechodnom období. Zbližovanie sa s právnymi a regulačnými štandardmi EÚ. Vytvorenie infraštruktúry pre operácie finančného sektora. | ||
| 610 | 2 | 0 | |a bankovníctvo |
| 610 | 2 | 0 | |a sústava banková |
| 610 | 2 | 0 | |a transformácia |
| 610 | 2 | 0 | |a SVE |
| 610 | 2 | 0 | |a Slovensko |
| 610 | 2 | 0 | |a Poľsko |
| 610 | 2 | 0 | |a Bulharsko |
| 610 | 2 | 0 | |a Chorvátsko |
| 100 | 1 | |a Nicastro, Roberto | |
| 700 | 1 | |a Steinbichler, Alois | |
| 700 | 1 | |a Revoltella, Debora | |